008820000a22002410004500003001100000005001700011008004100028020001500069040003900084041000800123082001800131100002400149245017500173260005200348300001900400650003700419650002500456700002100481700002300502942000700525952009300532999001500625LK-CoMWRAF20240113102724.0230817t1995 ||||| |||| 00| 0 eng d a9839900315 aLK-CoMWRAFdLK-CoMWRAFeLK-CoMWRAF aeng a362.8292bABD aAbdullah, Rasheedah a Battered women in Malaysia : prevalence, problems and public attitudes :b a summary report of Women's Aid Organisation Malaysia's National Research on Domestic Violence aPetaling Jaya:bWomen's Aid Organisation,c1995 a 45 p. ; 30 cm aAbused women- Research- Malaysia aWife abuse- Research aRaj-Hashim, Rita aSchamitt, Gabriele cBK 00104070aMAINbMAINd2023-08-17l0o362.8292 ABDpRAF3843r2023-08-17w2023-08-17yBK c3010d3010